The pragmatic humanism of F. C. S. Schiller / (Record no. 29045)
[ view plain ]
| 000 -LEADER | |
|---|---|
| fixed length control field | 00777cam a22002531 4500 |
| 001 - CONTROL NUMBER | |
| control field | 29045 |
| 003 - CONTROL NUMBER IDENTIFIER | |
| rucl marc code | BD-RjUL |
| 005 - DATE AND TIME OF LATEST TRANSACTION | |
| control field | 20211209051350.0 |
| 008 - FIXED-LENGTH DATA ELEMENTS--GENERAL INFORMATION | |
| fixed length control field | 140402s1955 nyu 001 0 eng d |
| 035 ## - SYSTEM CONTROL NUMBER | |
| System control number | (BD-RjUL)29130 |
| 040 ## - CATALOGING SOURCE | |
| Original cataloging agency | DLC |
| Transcribing agency | OClU |
| Modifying agency | DLC |
| -- | BD-RjUL |
| Language of cataloging | eng |
| 041 ## - LANGUAGE CODE | |
| Language code of text/sound track or separate title | eng |
| 082 00 - DEWEY DECIMAL CLASSIFICATION NUMBER | |
| Classification number | 192 |
| Author mark and year | ABP 1955 |
| 100 1# - MAIN ENTRY--PERSONAL NAME | |
| Personal name | Abel, Reuben, |
| Dates associated with a name | 1911- |
| 9 (RLIN) | 88727 |
| 245 14 - TITLE STATEMENT | |
| Title | The pragmatic humanism of F. C. S. Schiller / |
| Statement of responsibility, etc. | by Reuben Abel |
| 260 ## - PUBLICATION, DISTRIBUTION, ETC. (IMPRINT) | |
| Place of publication, distribution, etc. | New York : |
| Name of publisher, distributor, etc. | King's Crown Press, Columbia University, |
| Date of publication, distribution, etc. | 1955. |
| 300 ## - PHYSICAL DESCRIPTION | |
| Pagination | xii, 207 p. ; |
| Size | 19 cm. |
| 500 ## - GENERAL NOTE | |
| General note | Include index |
| 504 ## - BIBLIOGRAPHY, ETC. NOTE | |
| Bibliography, etc | Bibliography: p. [179]-203. |
| 600 10 - SUBJECT ADDED ENTRY--PERSONAL NAME | |
| Personal name | Schiller, F. C. S. |
| Fuller form of name | (Ferdinand Canning Scott), |
| Dates associated with a name | 1864-1937 |
| 942 ## - ADDED ENTRY ELEMENTS (KOHA) | |
| Source of classification or shelving scheme | Dewey Decimal Classification |
| Koha item type | Books |
| Lost status | Source of classification or shelving scheme | Damaged status | Not for loan | Collection code | Permanent Location | Current Location | Shelving location | Date acquired | Source of acquisition | Cost, normal purchase price | Total Checkouts | Full call number | Date last seen | Copy number | Koha item type |
|---|---|---|---|---|---|---|---|---|---|---|---|---|---|---|---|
| Dewey Decimal Classification | Added to bundle | Non-fiction | Central Library, University of Rajshahi | Central Library, University of Rajshahi | Reading Room | 15/02/1963 | Zeitlinger | 26.00 | 192 ABP 1955 | 02/04/2014 | C-1 | Books | |||
| Dewey Decimal Classification | Non-fiction | Central Library, University of Rajshahi | Central Library, University of Rajshahi | 09/05/1968 | Zeitlinger | 30.00 | 192 ABP 1955 | 02/04/2014 | C-8 | Books | |||||
| Dewey Decimal Classification | Central Library, University of Rajshahi | Central Library, University of Rajshahi | 23/10/1965 | Zeitlinger | 26.00 | 192 ABP 1955 | 02/04/2014 | C-4 | Books | ||||||
| Dewey Decimal Classification | Central Library, University of Rajshahi | Central Library, University of Rajshahi | 23/10/1965 | Zeitlinger | 26.00 | 192 ABP 1955 | 02/04/2014 | C-5 | Books | ||||||
| Dewey Decimal Classification | Central Library, University of Rajshahi | Central Library, University of Rajshahi | 23/10/1965 | Zeitlinger | 26.00 | 192 ABP 1955 | 02/04/2014 | C-2 | Books | ||||||
| Dewey Decimal Classification | Non-fiction | Central Library, University of Rajshahi | Central Library, University of Rajshahi | 15/02/1963 | zeitlinger | 26.00 | 192 ABP 1955 | 01/12/2016 | C-3 | Books |